Thermodynamics (Record no. 8344)

000 -LEADER
fixed length control field 00603nam a2200217 i 4500
001 - CONTROL NUMBER
control field 8344
003 - CONTROL NUMBER IDENTIFIER
control field BD-DhUET
008 - FIXED-LENGTH DATA ELEMENTS--GENERAL INFORMATION
fixed length control field 770308s1978 nyua b 001 0 eng
020 ## - INTERNATIONAL STANDARD BOOK NUMBER
International Standard Book Number 0023355301
040 ## - CATALOGING SOURCE
Original cataloging agency DLC
Transcribing agency DLC
Modifying agency BD-DhUET
082 ## - DEWEY DECIMAL CLASSIFICATION NUMBER
Classification number 621.01
Item number FAI/1970
100 ## - MAIN ENTRY--PERSONAL NAME
Personal name Faires, Virgil Moring
245 10 - TITLE STATEMENT
Title Thermodynamics
Statement of responsibility, etc. by Virgil Moring Faires and Clifford Max Simmang
250 ## - EDITION STATEMENT
Edition statement 6th ed.
260 ## - PUBLICATION, DISTRIBUTION, ETC. (IMPRINT)
Place of publication, distribution, etc. New York
Name of publisher, distributor, etc. Macmillan
Date of publication, distribution, etc. 1970
300 ## - PHYSICAL DESCRIPTION
Extent xxiii, 647 p.
Other physical details ill.
Dimensions 26 cm.
504 ## - BIBLIOGRAPHY, ETC. NOTE
Bibliography, etc Includes bibliographies
650 #0 - SUBJECT ADDED ENTRY--TOPICAL TERM
Topical term or geographic name as entry element Thermodynamics
700 ## - ADDED ENTRY--PERSONAL NAME
Personal name Simmang, Clifford Max
942 ## - ADDED ENTRY ELEMENTS (KOHA)
Koha item type General Book
Holdings
Not for loan Sublocation or collection (holding branch) Copy number Withdrawn status Koha date last seen Shelving location Damaged status Location (home branch) Koha full call number Lost status Date acquired Piece designation (barcode) Price effective from Koha item type Source of classification or shelving scheme Koha normalized classification for sorting
 Central Library, BUET1 2015-01-20Circulation section Central Library, BUET621.01/FAI/1978 2015-01-20429432015-01-20General Book 621_010000000000000_FAI_1978
 Central Library, BUET৬/ক-১ 2024-12-11Rental section Central Library, BUET621.01 FAI/1970 1985-06-11631352024-12-11Rental Item 621_010000000000000_FAI_1970
 Central Library, BUET৬/ক-২ 2024-12-11Rental section Central Library, BUET621.01 FAI/1970 1985-06-11631362024-12-11Rental Item 621_010000000000000_FAI_1970
 Central Library, BUET৬/ক-৩ 2024-12-11Rental section Central Library, BUET621.01 FAI/1970 1985-06-11631372024-12-11Rental Item 621_010000000000000_FAI_1970
 Central Library, BUET৬/ক-৪ 2024-12-11Rental section Central Library, BUET621.01 FAI/1970 1985-06-11631382024-12-11Rental Item 621_010000000000000_FAI_1970
 Central Library, BUET৬/ক-৫ 2024-12-11Rental section Central Library, BUET621.01 FAI/1970 1985-06-11631392024-12-11Rental Item 621_010000000000000_FAI_1970
 Central Library, BUET৬/ক-৬ 2024-12-11Rental section Central Library, BUET621.01 FAI/1970 1985-06-11631402024-12-11Rental Item 621_010000000000000_FAI_1970
 Central Library, BUET৬/ক-৭ 2024-12-11Rental section Central Library, BUET621.01 FAI/1970 1985-06-11631412024-12-11Rental Item 621_010000000000000_FAI_1970
 Central Library, BUET৬/ক-৮ 2024-12-11Rental section Central Library, BUET621.01 FAI/1970 1985-06-11631422024-12-11Rental Item 621_010000000000000_FAI_1970
 Central Library, BUET৬/ক-৯ 2024-12-11Rental section Central Library, BUET621.01 FAI/1970 1985-06-11631432024-12-11Rental Item 621_010000000000000_FAI_1970
 Central Library, BUET৬/ক-১০ 2024-12-11Rental section Central Library, BUET621.01 FAI/1970 1985-06-11631442024-12-11Rental Item 621_010000000000000_FAI_1970
 Central Library, BUET৬/ক-১১ 2024-12-11Rental section Central Library, BUET621.01 FAI/1970 1985-06-11631452024-12-11Rental Item 621_010000000000000_FAI_1970
 Central Library, BUET৬/ক-১২ 2024-12-11Rental section Central Library, BUET621.01 FAI/1970 1985-06-11631462024-12-11Rental Item 621_010000000000000_FAI_1970
 Central Library, BUET৬/ক-১৩ 2024-12-11Rental section Central Library, BUET621.01 FAI/1970 1985-06-11631472024-12-11Rental Item 621_010000000000000_FAI_1970
 Central Library, BUET৬/ক-১৪ 2024-12-11Rental section Central Library, BUET621.01 FAI/1970 1985-06-11631482024-12-11Rental Item 621_010000000000000_FAI_1970
 Central Library, BUET৬/ক-১৫ 2024-12-11Rental section Central Library, BUET621.01 FAI/1970 1985-06-11631492024-12-11Rental Item 621_010000000000000_FAI_1970
 Central Library, BUET৬/ক-১৬ 2024-12-11Rental section Central Library, BUET621.01 FAI/1970 1985-06-11631502024-12-11Rental Item 621_010000000000000_FAI_1970
 Central Library, BUET৬/ক-১৭ 2024-12-11Rental section Central Library, BUET621.01 FAI/1970 1985-06-11631512024-12-11Rental Item 621_010000000000000_FAI_1970
 Central Library, BUET৬/ক-১৮ 2024-12-11Rental section Central Library, BUET621.01 FAI/1970 1985-06-11631522024-12-11Rental Item 621_010000000000000_FAI_1970
 Central Library, BUET৬/ক-১৯ 2024-12-11Rental section Central Library, BUET621.01 FAI/1970 1985-06-11631532024-12-11Rental Item 621_010000000000000_FAI_1970
 Central Library, BUET৬/ক-২০ 2024-12-11Rental section Central Library, BUET621.01 FAI/1970 1985-06-11631542024-12-11Rental Item 621_010000000000000_FAI_1970